Hungarian Translations of Names - Statistics

General Stats
  • This quiz has been taken 87 times
  • The average score is 21 of 35
Answer Stats
Hint Answer % Correct
John János
89%
Stephen István
84%
Peter Péter
82%
Andrew András / Endre
81%
George György
81%
Mary Mária
79%
Dominic Dominik
78%
Nicholas Miklós / Nikola
78%
Joseph József
77%
Martha Márta
77%
Francis Ferenc
75%
Irene Irén
75%
Oliver Olivér
74%
Paul Pál
74%
Christopher Kristóf
70%
Esther Eszter
68%
Helen Heléna / Ilona
67%
Susan Zsuzsanna
66%
Gabriel Gábor
64%
Charles Károly
64%
Sophie Zsófia
64%
Michael Mihály
63%
Edward Edvárd
58%
Beatrice Beatrix
56%
Benedict Benedek
53%
Lewis Lajos
49%
Sonia Szonja
48%
Ursula Orsolya
45%
Jeanette Zsanett
42%
Elijah Éliás
37%
Lawrence Lőrinc
37%
Dennis Dénes
30%
Violet Ibolya
26%
Theodore Tivadar
19%
Gerard Gellért
14%
No matching quizzes found
Score Distribution
Percent of People with Each Score
Percentile by Number Answered
Your Score History
You have not taken this quiz